00646nam a2200193Ia 4500952014300000999001700143003000400160005001700164008004100181020001800222040000900240082002200249100002700271245004100298260004200339300000800381650001300389942005000402 00102ddc40708SSaMESbMEScMALd2019-02-20g30.00l2o894.812301 MAT/Kp31570r2023-11-03 10:55:52s2023-10-30w2019-02-20yBKzGR30R2 c28908d28908OSt20210106104943.0190216s9999||||xx |||||||||||||| ||und|| a9788188011209 coclc a894.812301bMAT/K aMattool, Mahmood96847 0aKhaleefa Kathakal /cMahmood Mattool bLipi Publications,aKozhikode:c2006. a56p aKathakal cBK2ddch894.812301iMAT/Kk894.812301mMAT/K